000 00575nam a2200229Ia 4500
008 160901s9999 xx 000 0 und d
020 _a10-07-124723-8
050 _aComSc TK 7888.3
050 _b.R67 2004
100 _aRosenthal, Morris.
245 _aBuild your own PC /
245 _cMorris Rosenthal.
250 _a4th Edition
260 _aNew York :
260 _bMcGraw-Hill.,
260 _c2004
300 _a223 pages :
300 _bill. ;
300 _c25 cm.
500 _aIncludes index.
650 _aMicrocomputers -- Design and construction.
999 _c300954
_d300954